Spielberg GP Sieger F1 - Statistiken

Allgemein
  • Dieses Quiz wurde 28 mal gespielt
  • Das Durchschnittsergebnis liegt bei 3 aus 19
Answers on the Grid
Answers color-coded by a green-red scale on the quiz's grid according to % correct below.
Charles Leclerc
Sergio Perez
Ralf Schumacher
Michael Schumacher
Ayrton Senna
Alain Prost
Niki Lauda
Nico Rosberg
Ronnie Peterson
Rene Arnoux
Alan Jones
Jacky Ickx
Emerson Fittipaldi
Wilson Fittipaldi
Nelson Piquet
Rubens Barrichello
Lando Norris
Oscar Piastri
Valteri Bottas
Elio de Angelis
Stirling Moss
Juan Manuel Fangio
John Watson
Jo Siffert
Nigel Mansell
David Coulthard
Sebastian Vettel
Carlos Reutemann
Vittorio Brambilla
Jean-Pierre Jabouille
 
Antwortstatistiken
Antwort % Korrekt
Nico Rosberg
47%
Charles Leclerc
42%
Lando Norris
42%
Michael Schumacher
32%
Niki Lauda
26%
Valteri Bottas
26%
David Coulthard
21%
Nigel Mansell
11%
Alain Prost
5%
Emerson Fittipaldi
5%
Jacky Ickx
5%
Alan Jones
0%
Carlos Reutemann
0%
Elio de Angelis
0%
Jean-Pierre Jabouille
0%
John Watson
0%
Jo Siffert
0%
Ronnie Peterson
0%
Vittorio Brambilla
0%
Keine übereinstimmenden Quizze gefunden
Verteilung der Resultate
Anzahl Personen mit jedem Resultat
Perzentil nach korrekt beantworteten Fragen
Ihre Resultats-Entwicklung
Sie haben dieses Quiz noch nicht gespielt